000 00771nam a22001935i 4500
001 164404
003 ES-MaACL
005 20251120143433.0
008 951113s1876 sp |||| | spa d
245 0 0 _aMemoria sobre la industria y legislación de pesca
_b: que comprende desde el año 1870 al 1874 /
_credactada... por Javier de Salas y Francisco García Solá.
260 _aMadrid :
_b[s.n.],
_c1876 (
_fImp. de T. Fortanet)
300 _aLXI, 741 p., [2] h. pleg. ;
_c25 cm.
650 4 _aPesca-
_xDerecho-
_zEspaña.
_9170628
650 4 _aIndustria pesquera-
_zEspaña.
_9156860
700 1 _aSalas, Francisco Javier de,
_d1832-1890
_9151213
700 1 _aGarcía Solá, Francisco.
_955307
852 _aES-MaACL
_jG-11433
_z- Enc. hol.
999 _c164404
_d164404